000
00308nam a22001217a 4500
082
_a
621.381 HEU'B
100
_a
HEUMANN, KLEMENS
_9
80708
245
_a
BASIC PRINCIPLES OF POWER ELECTRONICS
260
_a
NEWYORK
_b
SPRINGER VERLAG
_c
1986
300
_a
294P
650
_a
POWER ELECTRONICS
_9
2000
942
_c
BK
999
_c
585601
_d
585601